000 00541nam a2200193Ia 4500
003 OSt
005 20240926105437.0
008 210210b1990 xxu||||| |||| 00| 0 eng d
040 _cAL
041 _aKannada
082 _aK894.4 KRAC
100 _aKRASHNAMURTI (Ma Su).
_dಕೃಷ್ಣಮೂರ್ತಿ (ಮ ಸು)
_9180305
245 _aChaitraratha.
_bಚೈತ್ರರಥ.
260 _aMaisuru
_bCharitra Printars & Pablishars
_c1990
300 _a170,4
690 _aKannada Prose
_9180306
906 _a045694
942 _2ddc
_cBK
999 _c94944
_d94944